[Event "Ghent Eastman op 40th"]
[Site "Ghent"]
[Date "2017.07.15"]
[Round "1"]
[White "Hauglustaine, Sander"]
[Black "Dgebuadze, Alexandre"]
[Result "0-1"]
[WhiteElo "1880"]
[BlackElo "2524"]
[PlyCount "68"]
[EventDate "2017.07.15"]
[EventType "swiss"]
[EventRounds "9"]
[EventCountry "BEL"]
[SourceTitle "CBM 179 Extra"]
[Source "ChessBase"]
[SourceDate "2017.08.23"]
[SourceVersion "1"]
[SourceVersionDate "2017.08.23"]
[SourceQuality "1"]

1. d4 e6 2. e4 d5 3. e5 c5 4. c3 Nc6 5. Nf3 Nge7 6. a3 Nf5 7. b4 cxd4 8. cxd4 Bd7 9. Bb2 h5 10. Bd3 g5 11. Bxf5 exf5 12. Nc3 Be6 13. Qd3 h4 14. 0-0 Be7 15. Nd2 f4 16. Nb3 b6 17. b5 Nb8 18. a4 Nd7 19. Qf3 g4 20. Qd3 Nf8 21. a5 Ng6 22. axb6 axb6 23. Rxa8 Qxa8 24. Ra1 Qb7 25. Nd2 0-0 26. Ra6 Rc8 27. Na4 Bd8 28. Ba3 Kg7 29. Nb3 Rc4 30. Nd2 h3 31. gxh3 gxh3 32. f3 Nh4 33. Nxc4 dxc4 34. Qe4 Nxf3+ 0-1

[Event "BEL-ch U16"]
[Site "Houffalize"]
[Date "2011.04.22"]
[Round "8"]
[White "Cox, Jan"]
[Black "Hauglustaine, Sander"]
[Result "1/2-1/2"]
[WhiteElo "1929"]
[BlackElo "1835"]
[PlyCount "59"]
[EventDate "2011.04.17"]
[EventType "swiss"]
[EventRounds "9"]
[EventCountry "BEL"]
[SourceTitle "EXT 2012"]
[Source "ChessBase"]
[SourceDate "2011.11.24"]
[SourceVersion "1"]
[SourceVersionDate "2011.11.24"]
[SourceQuality "1"]

1. e4 c5 2. c3 Nf6 3. e5 Nd5 4. Nf3 Nc6 5. d4 cxd4 6. cxd4 d6 7. Bc4 Nb6 8. Bb3 dxe5 9. d5 Na5 10. Nc3 Nxb3 11. Qxb3 e6 12. Nxe5 exd5 13. Qb5+ Bd7 14. Nxd7 Qxd7 15. 0-0 Be7 16. Re1 Rd8 17. Be3 0-0 18. Bxb6 axb6 19. Qxd7 Rxd7 20. Nxd5 Rxd5 21. Rxe7 Rd2 22. b4 h6 23. Rxb7 Rc8 24. a3 Rcc2 25. Rf1 Ra2 26. g3 Rxa3 27. Re1 Rf3 28. Rf1 Ra3 29. Kg2 Raa2 30. Rxb6 1/2-1/2

[Event "Maastricht Limburg op-B 4th"]
[Site "Maastricht"]
[Date "2010.05.23"]
[Round "4"]
[White "Whitmire, James David"]
[Black "Hauglustaine, Sander"]
[Result "1-0"]
[WhiteElo "1957"]
[BlackElo "1782"]
[PlyCount "67"]
[EventDate "2010.05.21"]
[EventType "swiss"]
[EventRounds "7"]
[EventCountry "NED"]
[SourceTitle "EXT 2011"]
[Source "ChessBase"]
[SourceDate "2010.11.26"]
[SourceVersion "1"]
[SourceVersionDate "2010.11.26"]
[SourceQuality "1"]

1. e4 c5 2. Nf3 Nc6 3. Nc3 g6 4. Bc4 Bg7 5. 0-0 e6 6. Re1 Nge7 7. e5 d5 8. exd6 Qxd6 9. Ne4 Qc7 10. d3 b6 11. Bg5 0-0 12. Qd2 Nd4 13. Nxd4 cxd4 14. Nf6+ Kh8 15. Bf4 Qc6 16. Be5 Bb7 17. Qg5 Nf5 18. Re4 Rfd8 19. h4 Qc5 20. Rae1 Bxe4 21. Rxe4 h5 22. Bxe6 Bh6 23. Ng4+ Kh7 24. Nxh6 Nxh6 25. Qf6 Qf8 26. Bh3 Rd5 27. Bxd4 Rad8 28. Bc3 R8d6 29. Qf3 Rd8 30. Bf6 Rb8 31. Re7 Rd6 32. Rxa7 Nf5 33. Be5 Re8 34. Bc3 1-0

[Event "Maastricht Limburg op-B 4th"]
[Site "Maastricht"]
[Date "2010.05.22"]
[Round "2"]
[White "Hauglustaine, Sander"]
[Black "Bieberle, Gerhart"]
[Result "1-0"]
[WhiteElo "1782"]
[BlackElo "1947"]
[PlyCount "89"]
[EventDate "2010.05.21"]
[EventType "swiss"]
[EventRounds "7"]
[EventCountry "NED"]
[SourceTitle "EXT 2011"]
[Source "ChessBase"]
[SourceDate "2010.11.26"]
[SourceVersion "1"]
[SourceVersionDate "2010.11.26"]
[SourceQuality "1"]

1. e4 e6 2. d4 d5 3. Nc3 dxe4 4. Nxe4 Nf6 5. Bd3 Nc6 6. Nf3 Be7 7. Bg5 a6 8. 0-0 Nd5 9. Bxe7 Ncxe7 10. Qd2 Ng6 11. Rfe1 0-0 12. Neg5 Qd6 13. Ne5 Nde7 14. c3 b5 15. Qe2 Nf5 16. Bxf5 exf5 17. Qh5 h6 18. Ngxf7 Rxf7 19. Qxg6 Qxg6 20. Nxg6 Kh7 21. Ne5 Rf6 22. Nd3 Be6 23. Nc5 Bd5 24. Re7 c6 25. b3 a5 26. a3 h5 27. f3 Rf7 28. Rae1 Ra7 29. Re8 Rf6 30. Kf2 Bf7 31. R8e7 Rxe7 32. Rxe7 Bg8 33. Ra7 b4 34. cxb4 axb4 35. a4 f4 36. Rb7 Rd6 37. Rxb4 Rd8 38. a5 Kh6 39. a6 g5 40. a7 Ra8 41. Rb7 Bd5 42. Re7 g4 43. Nd7 g3+ 44. hxg3 fxg3+ 45. Kxg3 1-0

[Event "BEL-ch U14"]
[Site "Houffalize"]
[Date "2009.04.17"]
[Round "7"]
[White "Hauglustaine, Sander"]
[Black "Cox, Jan"]
[Result "1-0"]
[WhiteElo "1578"]
[BlackElo "1816"]
[PlyCount "43"]
[EventDate "2009.04.13"]
[EventType "swiss"]
[EventRounds "9"]
[EventCountry "BEL"]
[SourceTitle "EXT 2012"]
[Source "ChessBase"]
[SourceDate "2011.11.24"]
[SourceVersion "1"]
[SourceVersionDate "2011.11.24"]
[SourceQuality "1"]

1. e4 e5 2. Nf3 Nc6 3. Bb5 Nf6 4. 0-0 Nxe4 5. Re1 Nd6 6. Nc3 Be7 7. Nxe5 Nxe5 8. Rxe5 Nxb5 9. Nd5 0-0 10. Nxe7+ Kh8 11. Qh5 h6 12. d3 Kh7 13. Nf5 Qf6 14. Rxb5 c6 15. Rb4 d5 16. Ng3 Re8 17. Be3 Re5 18. Bd4 Rxh5 19. Bxf6 c5 20. Rb5 gxf6 21. Nxh5 Kg6 22. Nf4+ 1-0